000
003250000a22001450004500
003
LK-CoMWRAF
008
230817t ||||| |||| 00| 0 eng d
040
_a
LK-CoMWRAF
_d
LK-CoMWRAF
_e
LK-CoMWRAF
041
_a
eng
082
_a
800
_b
EMB
245
_a
Embroidery
_b
260
_b
Dhingra
_a
India
_c
490
_a
01
942
_c
BK
999
_c
1284
_d
1284